Bora Milutinovic anh là ai? : Kể về con người thật của Milu (Huấn luyện viên trưởng đội tuyển bóng đá Trung Quốc tại vòng chung kết World Cup 2002)

Sách gồm bảy phần, kể về huấn luyện viên trưởng đội tuyển bóng đá Trung Quốc trong quá trình dẫn dắt đội tuyển bóng đá Trung Quốc vào vòng chung kết World Cup 2002.

Đã lưu trong:
書目詳細資料
主要作者: Lý, Hưởng
格式: 圖書
語言:Undetermined
出版: Hà Nội Nxb. Thể dục Thể thao 2003
主題:
標簽: 添加標簽
沒有標簽, 成為第一個標記此記錄!
Thư viện lưu trữ: Trung tâm Học liệu Trường Đại học Cần Thơ
LEADER 00996nam a2200205Ia 4500
001 CTU_226419
008 210402s9999 xx 000 0 und d
082 |a 796.334 
082 |b H561/T.1 
100 |a Lý, Hưởng 
245 0 |a Bora Milutinovic anh là ai? : 
245 0 |b Kể về con người thật của Milu (Huấn luyện viên trưởng đội tuyển bóng đá Trung Quốc tại vòng chung kết World Cup 2002) 
245 0 |c Lý Hưởng ; Tô Thi (dịch) 
260 |a Hà Nội 
260 |b Nxb. Thể dục Thể thao 
260 |c 2003 
520 |a Sách gồm bảy phần, kể về huấn luyện viên trưởng đội tuyển bóng đá Trung Quốc trong quá trình dẫn dắt đội tuyển bóng đá Trung Quốc vào vòng chung kết World Cup 2002. 
650 |a Soccer,Bóng đá 
910 |b vtbtruc 
980 |a Trung tâm Học liệu Trường Đại học Cần Thơ